000
00213 a2200097 4500
001
45429
100
_a
Vanderbilt G
245
_a
Once upon a time
260
_a
London
_b
Chatto & windus
_c
090
_c
28593
_d
28593
942
_a
NUST-CAE
_c
M
_c
20661
999
_c
280502
_d
280502